Differential equations and dynamical systems / (Record no. 176989)
[ view plain ]
| 000 -LEADER | |
|---|---|
| fixed length control field | 01276 a2200181 4500 |
| 003 - CONTROL NUMBER IDENTIFIER | |
| control field | Nust |
| 005 - DATE AND TIME OF LATEST TRANSACTION | |
| control field | 20221121084033.0 |
| 020 ## - INTERNATIONAL STANDARD BOOK NUMBER | |
| International Standard Book Number | 8173195889 |
| 040 ## - CATALOGING SOURCE | |
| Transcribing agency | Nust |
| 082 ## - DEWEY DECIMAL CLASSIFICATION NUMBER | |
| Classification number | 515.35,DIF |
| 100 ## - MAIN ENTRY--PERSONAL NAME | |
| Personal name | Bahuguna.D |
| 9 (RLIN) | 103214 |
| 245 ## - TITLE STATEMENT | |
| Title | Differential equations and dynamical systems / |
| Statement of responsibility, etc. | Edited by D . Bahuguna |
| 260 ## - PUBLICATION, DISTRIBUTION, ETC. | |
| Place of publication, distribution, etc. | New Delhi |
| Name of publisher, distributor, etc. | Narosa pub House |
| Date of publication, distribution, etc. | 2005 |
| 300 ## - PHYSICAL DESCRIPTION | |
| Extent | 227p |
| 505 ## - FORMATTED CONTENTS NOTE | |
| Formatted contents note | Wavelets And Some Applications (Page-1), Trends In Wavelet Methods For Two Point Boundary Value Problems (Page-15), Stability And Convergence Of Large Scale Stochastic Approximation Procedures Under Markova Structural Perturbation (Page-25 ), Global Correctness Classes Of Functional Solutions (Page-49), A Nonlinear Gas Liquid Sys In Sliding Motion (Page-69), On Certain Exact Solutions Of A Generalized K-Dv-Burger Type (Page-91), Method Of Semidiscretization In Time Nonlinear Retarded Differential Equations (Page-107), Retarded Differential Equations (Page-119), Spectral Methods As Least Squares Problems (Page-127), Finite Elements (Page-149), Spectral Regularization Of A Singularly Perturbed Elliptic Partial Differential Equations (Page-169), Second Order Semi Linear Evolution Equations (Page-179). |
| 650 ## - SUBJECT ADDED ENTRY--TOPICAL TERM | |
| Topical term or geographic name entry element | dynamical system |
| 9 (RLIN) | 103215 |
| 942 ## - ADDED ENTRY ELEMENTS (KOHA) | |
| Source of classification or shelving scheme | |
| Koha item type | Book |
| Call number prefix | 515.35,DIF |
| Withdrawn status | Lost status | Source of classification or shelving scheme | Damaged status | Not for loan | Permanent Location | Current Location | Shelving location | Date acquired | Full call number | Barcode | Date last seen | Price effective from | Koha item type | Public note |
|---|---|---|---|---|---|---|---|---|---|---|---|---|---|---|
| Military College of Signals (MCS) | Military College of Signals (MCS) | General Stacks | 12/12/2016 | 515.35,DIF | MCS31751 | 12/08/2016 | 12/12/2016 | Book | Almirah No.13, Shelf No. 4 |
